000 00839nam a22002531 4500
001 14492630
003 ARRUPE
005 20131203184946.0
008 060811s1970 nju 000 0 eng
010 _a 70090946
020 _a0691071586
040 _aDLC
_cDLC
_dDLC
050 0 0 _aD16.8
_b.F3
100 1 _aFain, Haskell,
_d1926-
_95009
245 1 0 _aBetween philosophy and history;
_cthe resurrection of speculative philosophy of history within the analytic tradition.
260 _aPrinceton, N.J.,
_bPrinceton University Press,
_c1970.
300 _axi, 329 p.
_c23 cm.
504 _aIncludes bibliographical references.
650 0 _aHistory
_xPhilosophy.
_95010
650 0 _aAnalysis (Philosophy)
_95011
906 _a0
_bibc
_cpremunv
_d3
_encip
_f19
_gy-gencatlg
942 _2lcc
_cMONOGRAPH
999 _c119041
_d119041